[Event "Seville op 37th"]
[Site "Seville"]
[Date "2012.01.15"]
[Round "9"]
[White "Van der Weide, Karel"]
[Black "Munoz Martin, Pablo"]
[Result "1-0"]
[WhiteElo "2445"]
[BlackElo "2243"]
[PlyCount "99"]
[EventDate "2012.01.07"]
[EventType "swiss"]
[EventRounds "9"]
[EventCountry "ESP"]
[SourceTitle "CBM 146 Extra"]
[Source "ChessBase"]
[SourceDate "2012.02.29"]
[SourceVersion "1"]
[SourceVersionDate "2012.02.29"]
[SourceQuality "1"]

1. e4 c5 2. Nf3 Nc6 3. d4 cxd4 4. Nxd4 Nf6 5. Nc3 e5 6. Ndb5 d6 7. Bg5 a6 8. Na3 b5 9. Bxf6 gxf6 10. Nd5 f5 11. Bd3 Be6 12. 0-0 Bg7 13. Qh5 f4 14. c4 Nd4 15. cxb5 0-0 16. Nc2 Nxc2 17. Bxc2 axb5 18. Rfd1 Rc8 19. Bb3 Kh8 20. Rd3 Rc5 21. Rad1 Bxd5 22. Rxd5 Rxd5 23. Rxd5 f5 24. Qe2 b4 25. exf5 Rxf5 26. Qd3 Rf8 27. Rxd6 Qh4 28. Qe4 Qh5 29. Bd1 Qg5 30. Bc2 Qh5 31. Rd3 f3 32. Rxf3 Rxf3 33. Qxf3 Qxf3 34. gxf3 Kg8 35. a4 bxa3 36. bxa3 Bf8 37. a4 Bb4 38. Kf1 h6 39. Ke2 Kf7 40. Ke3 Ke6 41. f4 exf4+ 42. Kxf4 Bd6+ 43. Kg4 Bxh2 44. a5 Kf6 45. a6 Bb8 46. f4 Ba7 47. Kf3 Bb6 48. Ke4 Bg1 49. Bd1 Bf2 50. Bg4 1-0

[Event "Seville op 37th"]
[Site "Seville"]
[Date "2012.01.14"]
[Round "8"]
[White "Santos Ruiz, Miguel"]
[Black "Munoz Martin, Pablo"]
[Result "0-1"]
[WhiteElo "1961"]
[BlackElo "2243"]
[PlyCount "66"]
[EventDate "2012.01.07"]
[EventType "swiss"]
[EventRounds "9"]
[EventCountry "ESP"]
[SourceTitle "CBM 146 Extra"]
[Source "ChessBase"]
[SourceDate "2012.02.29"]
[SourceVersion "1"]
[SourceVersionDate "2012.02.29"]
[SourceQuality "1"]

1. e4 c5 2. Nf3 Nc6 3. Bb5 g6 4. Bxc6 dxc6 5. d3 Bg7 6. h3 Nh6 7. Nc3 f6 8. Be3 b6 9. Qd2 Nf7 10. 0-0 e5 11. a3 0-0 12. b4 cxb4 13. axb4 Nd6 14. Na4 Rb8 15. c4 Be6 16. Rfc1 f5 17. Bg5 Qd7 18. c5 fxe4 19. Ne1 Nf5 20. dxe4 Qxd2 21. Bxd2 Nd4 22. Rc3 Ne2+ 23. Kf1 Nxc3 24. Bxc3 Rf4 25. f3 Rf7 26. Kf2 Rd7 27. Ke3 Bc4 28. Nb2 Bb5 29. g3 Rbd8 30. Ra3 bxc5 31. bxc5 Bf8 32. Bb4 Rd4 33. Ned3 Rxb4 0-1

[Event "Seville op 37th"]
[Site "Seville"]
[Date "2012.01.12"]
[Round "6"]
[White "Das, Arghyadip"]
[Black "Munoz Martin, Pablo"]
[Result "1-0"]
[WhiteElo "2459"]
[BlackElo "2243"]
[PlyCount "109"]
[EventDate "2012.01.07"]
[EventType "swiss"]
[EventRounds "9"]
[EventCountry "ESP"]
[SourceTitle "CBM 146 Extra"]
[Source "ChessBase"]
[SourceDate "2012.02.29"]
[SourceVersion "1"]
[SourceVersionDate "2012.02.29"]
[SourceQuality "1"]

1. c4 Nf6 2. Nc3 g6 3. e4 d6 4. d4 Bg7 5. Be2 0-0 6. Bg5 c5 7. d5 h6 8. Bf4 b5 9. cxb5 a6 10. a4 Qa5 11. Qd2 Kh7 12. f3 Nbd7 13. Nh3 Nh5 14. Be3 Ne5 15. Nf2 g5 16. g3 Nf6 17. g4 Ng6 18. h4 gxh4 19. f4 Rh8 20. f5 Ne5 21. Rxh4 Kg8 22. Bxh6 Ne8 23. Bxg7 Rxh4 24. Bxe5 f6 25. Bg3 Rh7 26. Kf1 Bd7 27. bxa6 Rb8 28. Kg2 Rb4 29. Bf4 Nc7 30. Nd3 Rb8 31. Nb5 Rxb5 32. Qxa5 Rxa5 33. b4 cxb4 34. Nxb4 Rxa4 35. Rxa4 Bxa4 36. a7 Kf7 37. Ba6 Rg7 38. Kg3 Bd1 39. g5 fxg5 40. Be3 Rg8 41. Bb7 Ba4 42. Na6 Nb5 43. a8Q Rxa8 44. Bxa8 Nc3 45. Bxg5 Bc2 46. Nb4 Bxe4 47. Kf4 Bg2 48. Bc6 Ne4 49. Bd7 Nxg5 50. Kxg5 Be4 51. Be6+ Kf8 52. Nc6 Bc2 53. Kh6 Bd3 54. Nxe7 Kxe7 55. Kg7 1-0

[Event "Seville op 37th"]
[Site "Seville"]
[Date "2012.01.10"]
[Round "4"]
[White "Haslinger, Stewart"]
[Black "Munoz Martin, Pablo"]
[Result "1-0"]
[WhiteElo "2534"]
[BlackElo "2243"]
[PlyCount "85"]
[EventDate "2012.01.07"]
[EventType "swiss"]
[EventRounds "9"]
[EventCountry "ESP"]
[SourceTitle "CBM 146 Extra"]
[Source "ChessBase"]
[SourceDate "2012.02.29"]
[SourceVersion "1"]
[SourceVersionDate "2012.02.29"]
[SourceQuality "1"]

1. e4 c5 2. Nf3 Nc6 3. d4 cxd4 4. Nxd4 Nf6 5. Nc3 e5 6. Ndb5 d6 7. Bg5 a6 8. Na3 b5 9. Nd5 Be7 10. Bxf6 Bxf6 11. c4 b4 12. Nc2 a5 13. g3 Bg5 14. h4 Bh6 15. Bh3 Bb7 16. Qd3 0-0 17. 0-0 Ne7 18. Nde3 g6 19. Rad1 Qb6 20. h5 Rad8 21. Kh2 Bg7 22. f3 d5 23. cxd5 Ba6 24. Nc4 Qc5 25. b3 Nc6 26. Kg2 Nd4 27. Nxd4 exd4 28. Rh1 Bc8 29. Bxc8 Rxc8 30. h6 Bh8 31. e5 Qxd5 32. Qxd4 Qe6 33. Qd5 Qe7 34. Qd7 Rfe8 35. f4 f6 36. Rhe1 fxe5 37. fxe5 a4 38. Re2 axb3 39. axb3 Rc7 40. Qd5+ Qf7 41. Qxf7+ Rxf7 42. Nd6 Rd7 43. e6 1-0

[Event "Seville op 35th"]
[Site "Seville"]
[Date "2010.01.15"]
[Round "8"]
[White "Munoz Martin, Pablo"]
[Black "Coimbra, Margarida Goncalves"]
[Result "1-0"]
[WhiteElo "2255"]
[BlackElo "2109"]
[PlyCount "37"]
[EventDate "2010.01.08"]
[EventType "swiss"]
[EventRounds "9"]
[EventCountry "ESP"]
[SourceTitle "CBM 134 Extra"]
[Source "ChessBase"]
[SourceDate "2010.03.03"]
[SourceVersion "1"]
[SourceVersionDate "2010.03.03"]
[SourceQuality "1"]

1. d4 d5 2. e3 Nf6 3. Bd3 e6 4. Nf3 c5 5. b3 Nc6 6. Bb2 Be7 7. a3 0-0 8. Nbd2 b6 9. Ne5 Bb7 10. Qf3 Qc7 11. 0-0 c4 12. bxc4 dxc4 13. Ndxc4 Nxd4 14. Qh3 Nf5 15. g4 Nd6 16. Nxd6 Qxd6 17. Rad1 Qc5 18. Nd7 Qc6 19. Nxf6+ 1-0

[Event "Seville op 35th"]
[Site "Seville"]
[Date "2010.01.14"]
[Round "7"]
[White "Berbatov, Kiprian"]
[Black "Munoz Martin, Pablo"]
[Result "1-0"]
[WhiteElo "2455"]
[BlackElo "2255"]
[PlyCount "69"]
[EventDate "2010.01.08"]
[EventType "swiss"]
[EventRounds "9"]
[EventCountry "ESP"]
[SourceTitle "CBM 134 Extra"]
[Source "ChessBase"]
[SourceDate "2010.03.03"]
[SourceVersion "1"]
[SourceVersionDate "2010.03.03"]
[SourceQuality "1"]

1. e4 c5 2. Nf3 Nc6 3. d4 cxd4 4. Nxd4 Nf6 5. Nc3 e5 6. Ndb5 d6 7. Bg5 a6 8. Na3 b5 9. Bxf6 gxf6 10. Nd5 Bg7 11. c3 f5 12. Bd3 Ne7 13. Nxe7 Qxe7 14. 0-0 d5 15. exf5 e4 16. Be2 b4 17. Nc2 bxc3 18. bxc3 Bxc3 19. Ne3 Bxa1 20. Qxa1 0-0 21. Nxd5 Qg5 22. Nf6+ Kh8 23. Nd7+ Qg7 24. Nxf8 Bxf5 25. g4 f6 26. Kh1 Bc8 27. g5 Bh3 28. Ne6 Bxe6 29. gxf6 Qf8 30. Rg1 Bf7 31. Rg7 Rc8 32. Qe5 Re8 33. Qf5 Bg6 34. Rxg6 hxg6 35. Qh3+ 1-0

[Event "Seville op 35th"]
[Site "Seville"]
[Date "2010.01.11"]
[Round "4"]
[White "Munoz Martin, Pablo"]
[Black "Hamdouchi, Hicham"]
[Result "0-1"]
[WhiteElo "2255"]
[BlackElo "2601"]
[PlyCount "60"]
[EventDate "2010.01.08"]
[EventType "swiss"]
[EventRounds "9"]
[EventCountry "ESP"]
[SourceTitle "CBM 134 Extra"]
[Source "ChessBase"]
[SourceDate "2010.03.03"]
[SourceVersion "1"]
[SourceVersionDate "2010.03.03"]
[SourceQuality "1"]

1. d4 g6 2. Nf3 Bg7 3. c4 c5 4. d5 Nf6 5. Nc3 e6 6. e4 exd5 7. cxd5 d6 8. Be2 0-0 9. 0-0 Re8 10. Nd2 Nbd7 11. h3 g5 12. Nc4 Nxe4 13. Nxe4 Rxe4 14. Bd3 Rh4 15. Nxd6 Ne5 16. Nf5 Bxf5 17. Bxf5 Qf6 18. Qc2 Rc4 19. Bxh7+ Kh8 20. Qf5 Qh6 21. f4 gxf4 22. Bxf4 Rxf4 23. Rxf4 Qxh7 24. Qg5 Ng6 25. Rf5 Rg8 26. Kh1 Bxb2 27. Raf1 Nh4 28. Qd2 Nxf5 29. Qxb2+ Nd4 30. Qxb7 Qe4 0-1

[Event "Coria del Rio op 7th"]
[Site "Coria del Rio"]
[Date "2001.02.16"]
[Round "3"]
[White "Munoz Martin, Pablo"]
[Black "Campora, Daniel Hugo"]
[Result "0-1"]
[WhiteElo "2223"]
[BlackElo "2513"]
[PlyCount "64"]
[EventDate "2001.02.14"]
[EventType "swiss"]
[EventRounds "9"]
[EventCountry "ESP"]
[SourceTitle "CBM 080 Extra"]
[Source "ChessBase"]
[SourceDate "2001.03.08"]
[SourceVersion "1"]
[SourceVersionDate "2001.03.08"]
[SourceQuality "1"]

1. d4 Nf6 2. Nf3 e6 3. Bg5 c5 4. c3 Nc6 5. e3 h6 6. Bh4 d5 7. Nbd2 Qb6 8. Rb1 Bd7 9. Bd3 Be7 10. a3 Rc8 11. b4 cxd4 12. cxd4 a6 13. Qb3 Na7 14. 0-0 Bb5 15. Rfc1 0-0 16. Ne5 Bxd3 17. Nxd3 Nb5 18. Ne5 Rc7 19. Rc5 Rfc8 20. Rbc1 Bxc5 21. dxc5 Nd7 22. Nxd7 Rxd7 23. cxb6 Rxc1+ 24. Nf1 d4 25. Qd3 Rc3 26. Qd1 Rxa3 27. g4 d3 28. f4 Nc3 29. Qd2 Ne4 30. Qd1 d2 31. Nxd2 Rxd2 32. Qe1 Rad3 0-1

[Event "Seville op 26th"]
[Site "Seville"]
[Date "2001.01.19"]
[Round "8"]
[White "Vela Ignacio, Jose Manuel"]
[Black "Munoz Martin, Pablo"]
[Result "0-1"]
[WhiteElo "2063"]
[BlackElo "2223"]
[PlyCount "94"]
[EventDate "2001.01.12"]
[EventType "swiss"]
[EventRounds "9"]
[EventCountry "ESP"]
[SourceTitle "CBM 080 Extra"]
[Source "ChessBase"]
[SourceDate "2001.03.08"]
[SourceVersion "1"]
[SourceVersionDate "2001.03.08"]
[SourceQuality "1"]

1. e4 c5 2. Nf3 Nc6 3. d3 g6 4. g3 Bg7 5. Bg2 e6 6. 0-0 Nge7 7. Re1 0-0 8. Nbd2 d5 9. e5 f6 10. exf6 Bxf6 11. Nf1 b5 12. h4 Nf5 13. N1h2 h5 14. Bg5 b4 15. Bxf6 Qxf6 16. Qd2 Qxb2 17. g4 Nfd4 18. Qh6 Nxf3+ 19. Nxf3 Qg7 20. g5 Bd7 21. Rad1 Rf4 22. Re3 Raf8 23. Rde1 d4 24. Qxg7+ Kxg7 25. Rxe6 Bxe6 26. Rxe6 Nd8 27. Rd6 R4f5 28. Nd2 Rxf2 29. Ne4 Nb7 30. Ra6 R2f7 31. Nf6 Nd8 32. Be4 Rxf6 33. gxf6+ Rxf6 34. Rxa7+ Kh6 35. Bd5 Rd6 36. Bg8 g5 37. hxg5+ Kxg5 38. Rc7 Nc6 39. Rh7 Ne5 40. Rc7 Kf4 41. Bh7 Rd7 42. Rxd7 Nxd7 43. Kf2 Nf6 44. Bg6 Ng4+ 45. Ke2 h4 46. Be4 Kg3 47. Kd2 Ne3 0-1

[Event "Seville op 26th"]
[Site "Seville"]
[Date "2001.01.18"]
[Round "7"]
[White "Munoz Martin, Pablo"]
[Black "Matamoros Franco, Carlos S"]
[Result "0-1"]
[WhiteElo "2223"]
[BlackElo "2467"]
[PlyCount "56"]
[EventDate "2001.01.12"]
[EventType "swiss"]
[EventRounds "9"]
[EventCountry "ESP"]
[SourceTitle "CBM 080 Extra"]
[Source "ChessBase"]
[SourceDate "2001.03.08"]
[SourceVersion "1"]
[SourceVersionDate "2001.03.08"]
[SourceQuality "1"]

1. d4 Nf6 2. Nf3 c5 3. e3 g6 4. dxc5 Qa5+ 5. Nbd2 Qxc5 6. a3 Bg7 7. b4 Qc7 8. Bb2 0-0 9. c4 b6 10. Be2 Bb7 11. Qb3 d6 12. 0-0 Nbd7 13. Rac1 Rac8 14. Rc2 Qb8 15. Rfc1 Qa8 16. Ne1 a6 17. Bf3 Bxf3 18. Nexf3 Rc7 19. Qd3 Rfc8 20. e4 Bh6 21. e5 Nxe5 22. Nxe5 dxe5 23. Bxe5 Rd7 24. Qe2 Rcd8 25. Bc3 Rd3 26. Qxe7 Nh5 27. Qe2 Rxc3 28. Rxc3 Bxd2 0-1